000 00715nam a2200217 u 4500
005 20210223130638.0
008 080926s2006 r 000 0 eng d
020 _a9701512162
035 _aUPN01000161030
049 _aCG
050 4 _aBF724.85 C7.3
_bCH3.3
100 1 _aChávez Rosas, Elisa Patricia
245 1 0 _aAbuelos geniales :
_bclaves para potenciar el resto de tu vida /
_cElisa Patricia Chávez Rosas.
260 _aMéxico :
_bAlfaomega,
_c2006.
300 _a143 p. :
_bil. +
_e1 CD-ROM ; 4 3/4 plg.
440 0 _aAlfaomega ;
_v1216
650 4 _aAPTITUD CREADORA EN LA VEJEZ
_912531
650 4 _aANCIANOS -
_xPSICOLOGIA
_9585
650 4 _aANCIANOS -
_xASPECTOS SOCIALES
_912532
905 _aLibro
999 _c133143
_d133143